000 03058 a2200337 4500
003 Nust
005 20170207165240.0
020 _a9780470500538
020 _a9780470500538
035 _a(AU-PeEL)EBL468809
035 _a(EBZ)ebs598488e
035 _a(OCoLC)430985026
035 _a(WaSeSS)ssj0000209305
040 _cNust
082 0 0 _a332.64/273
100 1 _aLeinweber, David J.
245 1 0 _aNerds on Wall Street (E Book)
_h[Elektronisk resurs] :
_bMath, Machines and Wired Markets.
260 _aHoboken :
_bJohn Wiley & Sons, Inc.,
_c2009.
300 _a1 online resource (402 p.)
500 _aDescription based upon print version of record.
505 0 _aChapter 7: A Little AI Goes a Long Way on Wall StreetChapter 8: Perils and Promise of Evolutionary Computation on Wall Street; Chapter 9: The Text Frontier; Chapter 10: Collective Intelligence, Social Media, and Web Market Monitors; Chapter 11: Three Hundred Years of Stock Market Manipulations; Part Four: Nerds Gone Wild; Chapter 12: Shooting the Moon; Chapter 13: Structural Ideas for the Economic Rescue; Chapter 14: Nerds Gone Green; Index; About the Web Site;
505 0 _aNerds on Wall Street: Math, Machines and Wired Markets; Contents; Foreword; Acknowledgments; Introduction; No Hedge Fund in My Tree House; A Concept Map of the Book; Flat Is the New Up; Tag Clouds; Web Site; Notes; Part One: Wired Markets; Chapter 1: An Illustrated History of Wired Markets; Chapter 2: Greatest Hits of Computation in Finance; Chapter 3: Algorithm Wars; Part Two: Alpha as Life; Chapter 4: Where Does Alpha Come From?; Chapter 5: A Gentle Introduction to Computerized Investing; Chapter 6: Stupid Data Miner Tricks; Part Three: Artificial Intelligence and Intelligence Amplification
520 _aAn intriguing look at how technology is changing financial markets, from an innovator on the frontlines of this revolutionNerds on Wall Street tells the tale of the ongoing technological transformation of the world's financial markets. The impact of technology on investing is profound, and author David Leinweber provides readers with an overview of where we were just a few short years ago, and where we are going. Being a successful investor today and tomorrow--individual or institutional--involves more than stock picking, asset allocation, or market timing: it involves technology. And Leinwebe
650 4 _aInvestments --Computer network resources.
650 4 _aWall Street (New York, N.Y.).
655 0 _aElectronic books.
700 1 _aAronson, Theodore R.
856 4 0 _uhttp://proxy.lib.chalmers.se/login?url=http://library.books24x7.com/library.asp?^B&bookid=29728
856 4 0 _uhttp://sfxeu10.hosted.exlibrisgroup.com/sfxjon/?url_ver=Z39.88-2004&ctx_ver=Z39.88-2004&ctx_enc=info:ofi/enc:UTF-8&rfr_id=info:sid/sfxit.com:opac_856&url_ctx_fmt=info:ofi/fmt:kev:mtx:ctx&sfx.ignore_date_threshold=1&rft.object_id=1000000000766995&svc_val_fmt=info:ofi/fmt:kev:mtx:sch_svc&
856 4 0 _uhttps://lt.ltag.bibl.liu.se/login?url=http://www.books24x7.com/marc.asp?bookid=29728
942 _2ddc
_cBK
999 _c211181
_d211181